Financial trading and investing / (Record no. 18555)
[ view plain ]
| 000 -LEADER | |
|---|---|
| fixed length control field | 00855cam a2200265 a 4500 |
| 001 - CONTROL NUMBER | |
| control field | 17312363 |
| 005 - DATE AND TIME OF LATEST TRANSACTION | |
| control field | 20141106154740.0 |
| 008 - FIXED-LENGTH DATA ELEMENTS--GENERAL INFORMATION | |
| fixed length control field | 120521t2013 xxua frb 001 0 eng d |
| 010 ## - LIBRARY OF CONGRESS CONTROL NUMBER | |
| LC control number | 2012020467 |
| 020 ## - INTERNATIONAL STANDARD BOOK NUMBER | |
| International Standard Book Number | 9780123918802 |
| 040 ## - CATALOGING SOURCE | |
| Original cataloging agency | DLC |
| Transcribing agency | DLC |
| Modifying agency | DLC |
| -- | EG-ScBUE |
| 082 00 - DEWEY DECIMAL CLASSIFICATION NUMBER | |
| Classification number | 332.6 |
| Edition number | 22 |
| Item number | TEA |
| 100 1# - MAIN ENTRY--PERSONAL NAME | |
| Personal name | Teall, John L., |
| Dates associated with a name | 1958- |
| 9 (RLIN) | 36454 |
| 245 10 - TITLE STATEMENT | |
| Title | Financial trading and investing / |
| Statement of responsibility, etc | John L. Teall. |
| 260 ## - PUBLICATION, DISTRIBUTION, ETC. (IMPRINT) | |
| Place of publication, distribution, etc | Waltham, United States ; |
| -- | Oxford, United Kingdom : |
| Name of publisher, distributor, etc | Elsevier, |
| -- | Academic Press, |
| Date of publication, distribution, etc | c.2013. |
| 300 ## - PHYSICAL DESCRIPTION | |
| Extent | xii, 443 p. : |
| Other physical details | tables ; |
| Dimensions | 25 cm. |
| 500 ## - GENERAL NOTE | |
| General note | Index : p. 425-443. |
| 504 ## - BIBLIOGRAPHY, ETC. NOTE | |
| Bibliography, etc | Includes bibliographical references. |
| 650 #0 - SUBJECT ADDED ENTRY--TOPICAL TERM | |
| Topical term or geographic name as entry element | Investments |
| 9 (RLIN) | 9026 |
| 650 #0 - SUBJECT ADDED ENTRY--TOPICAL TERM | |
| Topical term or geographic name as entry element | Securities |
| General subdivision | Prices |
| 9 (RLIN) | 36455 |
| 650 #0 - SUBJECT ADDED ENTRY--TOPICAL TERM | |
| Topical term or geographic name as entry element | Speculation |
| 9 (RLIN) | 35036 |
| 653 ## - INDEX TERM--UNCONTROLLED | |
| Resource For college | BAEPS, Business Administration |
| Arrived date list | November2014 |
| 655 ## - INDEX TERM--GENRE/FORM | |
| Form subdivision | |
| -- | 34232 |
| 942 ## - ADDED ENTRY ELEMENTS (KOHA) | |
| Source of classification or shelving scheme | Dewey Decimal Classification |
| Call number prefix | 332.6 TEA |
| Withdrawn status | Item status | Source of classification or shelving scheme | Damaged status | Not for loan | Vendor | Home library | Current library | Shelving location | Date acquired | Source of acquisition | Cost, normal purchase price | Serial Enumeration / chronology | Total Checkouts | Full call number | Barcode | Date last seen | Cost, replacement price | Koha item type |
|---|---|---|---|---|---|---|---|---|---|---|---|---|---|---|---|---|---|---|
| Dewey Decimal Classification | Baccah | Central Library | Central Library | First floor | 06/11/2014 | 321.00 | 20677 | 332.6 TEA | 000036951 | 15/07/2025 | 401.25 | Book - Borrowing |